|
|
|
|
| LEADER |
00000cam a2200000 7i4500 |
| 001 |
0000325871 |
| 005 |
20250902155412.0 |
| 006 |
ao ###j ### 001 0 |
| 007 |
t |
| 008 |
250508s2023 my o j 0010 may d |
| 020 |
|
|
|a 9789674604790
|
| 040 |
|
|
|a MBPJ
|b eng
|c MBPJ
|e rda
|
| 090 |
0 |
0 |
|a 808.06
|b KAL
|
| 100 |
1 |
|
|a Kalman, Bobbie ,
|e author
|
| 245 |
1 |
0 |
|a Saya boleh menulis buku tentang :
|b Bentuk muka bumi
|c Bobbie Kalman ; Penterjemah Marliza Ramli
|
| 264 |
|
1 |
|a Kuala Lumpur, Malaysia :
|b Institut Terjemahan & Buku Malaysia
|c [2024]
|
| 264 |
|
4 |
|c ©2012
|
| 300 |
|
|
|a 32 pages :
|b photographs ;
|c 28 cm.
|
| 336 |
|
|
|a still image
|2 rdacontent
|
| 336 |
|
|
|a text
|2 rdacontent
|
| 337 |
|
|
|a unmediated
|2 rdamedia
|
| 338 |
|
|
|a volume
|2 rdacarrier
|
| 490 |
1 |
|
|a Penulis Kanak-Kanak ITBM
|
| 500 |
|
|
|a Includes index
|
| 650 |
0 |
0 |
|a Authorship
|v Juvenile literature
|
| 650 |
0 |
0 |
|a Creative writing
|v Juvenile literature
|
| 650 |
0 |
0 |
|a Landforms
|v Juvenile literature
|
| 700 |
1 |
|
|a Marliza Ramli ,
|e translator
|
| 999 |
|
|
|a 00421314
|b BUKU
|c JUNIOR BOOKS
|e PERPUSTAKAAN KOMUNITI PETALING JAYA
|